000 00462nam a2200181Ia 4500
008 240925s9999 xx 000 0 und d
020 _a8177583549
082 _a621.3815 FLO
100 _aBoydell, Toby B.J.
245 0 _aElectronic Devices
250 _a6th
260 _aIndia:
_bDorling Kindersley
_c,2002.
300 _axxvii,530p.
_bNA
_fOriginal
500 _aIncludes Index
600 _aElectrical Engineering
650 _aTechnology
942 _cBK
999 _c9394
_d9394